000 00534nam a22001697a 4500
005 20240809092722.0
008 240809b |||||||| |||| 00| 0 eng d
020 _a0702157848 : 0702157880
041 _aEnglish
082 _a349 SOU
100 _lEnglish
245 _aThe Index and Annotations to the South African Law Reports: Case Annotations
260 _aCape Town:
_bJuta and Company Ltd,
_c1947-2001
300 _b1705 pages;
_c25 cm.
650 _aLegal practice
_bLaw
942 _cBK
_6ALISON_BN_VRIES
999 _c2542
_d2542